000 00303nam a2200133Ia 4500
008 240703s9999 xx 000 0 und d
041 _aeng
100 _aBerk Demarzo
245 _aCorporate Finance
260 _bPearson
_c2023
365 _c
_b 8,263.90
906 _b33
999 _c40917
_d40917